| 000 | 00913 a2200217 4500 | ||
|---|---|---|---|
| 003 | Nust | ||
| 005 | 20221125144759.0 | ||
| 010 | _a 91030390 | ||
| 020 | _a0155018434 | ||
| 040 | _cNust | ||
| 082 | 0 | 0 | _a621.3815,BEN |
| 100 | 1 |
_aBennett, Paul E. _968111 |
|
| 245 | 1 | 0 |
_aAdvanced circuit analysis / _cPaul E. Bennett. |
| 260 |
_aFort Worth : _bSaunders College Pub., _cc1992. |
||
| 300 |
_aviii, 294 p. : _bill. ; _c25 cm. |
||
| 505 | _aBasic Circuit Analysis (Page-1), Waveforms (Page-61), Differential Equations (Page-93), Laplace Transforms (Page-123), Circuit Solutions using Laplace Transforms (Page-157), Transfer Functions (Page-211). | ||
| 650 | 0 | _aTelecommunication engineering | |
| 856 | 4 | 2 |
_3Publisher description _uhttp://www.loc.gov/catdir/enhancements/fy0604/91030390-d.html |
| 856 | 4 | 2 |
_3Table of contents only _uhttp://www.loc.gov/catdir/enhancements/fy0604/91030390-t.html |
| 942 |
_2ddc _cBK |
||
| 999 |
_c182022 _d182022 |
||